000 01122nam a22001697a 4500
999 _c63448
_d63448
003 Ge_BSU
005 20251013140338.0
008 251013s1985 ge ||||| |||| 00| 0 geo d
041 _ageo
080 _a338(479.223) ა-97
245 _aაჭარის ადგილობრივი მეურნეობის განვითარება :
_bნაწ.4 /
_cრედაქტორი: კონსტანტინე ღლონტი; საქართველოს სსრ მეცნიერებათა აკადემია. ბათუმის ნ. ბერძენიშვილის სახელობის სამეცნიერო-კვლევითი ინსტიტუტი
264 _aთბილისი :
_bმეცნიერება,
_c1985.
300 _a94 გვ.
_b20 სმ.
653 _aადგილობრივი მეურნეობის განვითარება აჭარის ასსრ-ში
700 _aღლონტი, კ.
_eრედაქტორი
_926009
942 _2udc
_cᲬᲘᲒᲜᲘ